Statistics for 100 Girls Names Start with N 2018

Click here to take the quiz!

General Stats

  • This quiz has been taken 26 times
  • The average score is 17 of 57

Answer Stats

Answer% Correct
Nora
100%
Natalie
92%
Nellie
88%
Nina
79%
Nancy
75%
Nicole
71%
Naomi
67%
Natalia
63%
Nadia
63%
Natasha
58%
Norma
58%
Nadine
54%
Nicola
54%
Nikki
50%
Nola
42%
Noelle
42%
Nova
42%
Neve
42%
Nicolette
38%
Naya
38%
Nessa
33%
Nella
33%
Nala
29%
Nyla
29%
Nevaeh
29%
Nava
25%
Noa
21%
Nikita
21%
Nelle
21%
Noemi
21%
Nanette
17%
Noelia
17%
Naila
13%
Noor
13%
Nori
13%
Nica
13%
Nyra
8%
Nika
8%
Navy
8%
Nazareth
4%
Nayeli
4%
Nalani
4%
Naima
4%
Nahomy
4%
Nirvana
4%
Noelani
4%
Nechama
0%
Neriah
0%
Nyaisa
0%
Nariah
0%
Nubia
0%
Novalee
0%
Nawal
0%
Navya
0%

Score Distribution

Percentile by Number Answered

Percent of People with Each Score

Your Score History

You have not taken this quiz